[Event "Titled Tuesday intern op 08th Feb Late"]
[Site "Chess.com INT"]
[Date "2022.02.08"]
[Round "8"]
[White "Degardin, Sylvain"]
[Black "Vestby Ellingsen, Mads"]
[Result "1-0"]
[WhiteElo "2291"]
[BlackElo "2368"]
[PlyCount "129"]
[EventDate "2022.02.08"]
[EventType "swiss (blitz)"]
[EventRounds "11"]
[EventCountry "USA"]
[SourceTitle "CBM 206 Extra"]
[Source "ChessBase"]
[SourceDate "2022.03.31"]
[SourceVersion "1"]
[SourceVersionDate "2022.03.31"]
[SourceQuality "1"]

1. Nf3 d5 2. g3 c6 3. Bg2 Bg4 4. 0-0 e6 5. d4 Nd7 6. Nbd2 Ngf6 7. Re1 Be7 8. e4 dxe4 9. Nxe4 Nxe4 10. Rxe4 Nf6 11. Re1 0-0 12. c3 c5 13. Be3 Qb6 14. Qb3 cxd4 15. Bxd4 Bc5 16. Qxb6 axb6 17. a3 Rfd8 18. Bxc5 bxc5 19. Ne5 Rd2 20. Nxg4 Nxg4 21. Red1 Rxb2 22. Rd7 h5 23. h3 Ne5 24. Rxb7 Rxb7 25. Bxb7 Ra4 26. Re1 Nd3 27. Rd1 Nb2 28. Rd8+ Kh7 29. Rd7 Kg6 30. Rc7 Rc4 31. Bc6 Rxc3 32. a4 Ra3 33. Be8 Nxa4 34. Ra7 Rb3 35. Bxa4 Rb8 36. Bc2+ Kf6 37. Rc7 Rb5 38. Bd3 Ra5 39. Kg2 Ra3 40. Bc4 Ra5 41. h4 g6 42. Kf3 Ra3+ 43. Kg2 Ra5 44. Rb7 Ra4 45. Bb5 Rb4 46. Bc6 Ke5 47. Rxb4 cxb4 48. Ba4 Kd4 49. Kf3 e5 50. Bb3 f5 51. Bf7 Kc3 52. Bxg6 e4+ 53. Ke3 b3 54. Bxf5 b2 55. Bxe4 Kc4 56. Kf4 Kd4 57. f3 Kc4 58. Kg5 Kd4 59. Kxh5 Ke5 60. Kg5 Ke6 61. Kg6 Ke7 62. Kg7 Ke6 63. h5 Ke5 64. h6 b1Q 65. Bxb1 1-0

[Event "Titled Tuesday intern op 08th Feb Late"]
[Site "Chess.com INT"]
[Date "2022.02.08"]
[Round "4"]
[White "Haussernot, Cecile"]
[Black "Degardin, Sylvain"]
[Result "1-0"]
[WhiteElo "2155"]
[BlackElo "2291"]
[PlyCount "67"]
[EventDate "2022.02.08"]
[EventType "swiss (blitz)"]
[EventRounds "11"]
[EventCountry "USA"]
[SourceTitle "CBM 206 Extra"]
[Source "ChessBase"]
[SourceDate "2022.03.31"]
[SourceVersion "1"]
[SourceVersionDate "2022.03.31"]
[SourceQuality "1"]

1. e4 c5 2. Nf3 d6 3. d4 cxd4 4. Nxd4 Nf6 5. Nc3 Nc6 6. Bg5 e6 7. Qd2 a6 8. 0-0-0 Bd7 9. f4 Be7 10. Nf3 b5 11. e5 b4 12. Ne2 dxe5 13. fxe5 Nd5 14. h4 h6 15. Bxe7 Qxe7 16. Ned4 Nxd4 17. Qxd4 0-0 18. Bd3 Rfc8 19. Rh3 Bb5 20. Rg3 Bxd3 21. Qxd3 Qc5 22. Nd4 Nf4 23. Qe3 Nh5 24. Rg4 Kh7 25. Qe4+ g6 26. Rf1 Qe7 27. Nc6 Qe8 28. Nxb4 a5 29. Nd3 Rc7 30. c4 Rac8 31. c5 a4 32. a3 Ng7 33. h5 Nf5 34. Rh1 1-0

[Event "Sitges Sunway 7th"]
[Site "Sitges"]
[Date "2020.12.19"]
[Round "6"]
[White "Degardin, Sylvain"]
[Black "Donate Moreno, Silvia"]
[Result "1/2-1/2"]
[WhiteElo "2227"]
[BlackElo "1903"]
[PlyCount "261"]
[EventDate "2020.12.13"]
[EventType "swiss"]
[EventRounds "10"]
[EventCountry "ESP"]
[SourceTitle "CBM 199 Extra"]
[Source "ChessBase"]
[SourceDate "2021.01.31"]
[SourceVersion "1"]
[SourceVersionDate "2021.01.31"]
[SourceQuality "1"]

1. e4 c5 2. Nf3 d6 3. Bb5+ Nd7 4. 0-0 a6 5. Bd3 Ngf6 6. Re1 e6 7. c3 b5 8. a4 c4 9. Bc2 Bb7 10. d4 cxd3 11. Qxd3 Be7 12. axb5 axb5 13. Rxa8 Qxa8 14. Nbd2 Bc6 15. Nd4 Nc5 16. Qe2 Qb7 17. b4 Na6 18. Bd3 Nc7 19. N2b3 Bd7 20. Na5 Qa6 21. Be3 0-0 22. h3 Rb8 23. Ra1 e5 24. Nf3 Qc8 25. Rc1 Qe8 26. Bc2 h6 27. Bb3 Ne6 28. Nd2 Bd8 29. Qd3 Bc7 30. Ra1 Nf4 31. Bxf4 exf4 32. Bc2 Rc8 33. Nf3 Be6 34. Nd4 Bxa5 35. Rxa5 Bc4 36. Qf3 Qe5 37. Ra7 d5 38. exd5 Bxd5 39. Qe2 Qxe2 40. Nxe2 f3 41. Nf4 Bc4 42. gxf3 g5 43. Ng2 Bd5 44. Ra3 Bxf3 45. Ne3 Be4 46. Bb3 Kg7 47. c4 bxc4 48. Bxc4 Rb8 49. b5 Ne8 50. f3 Bg6 51. Rb3 Nd6 52. b6 Bc2 53. Rb2 Nxc4 54. Nxc4 Bd3 55. Ne5 Ba6 56. Nd7 Rc8 57. b7 Bxb7 58. Rxb7 Rc1+ 59. Kf2 f5 60. Nc5+ Kg6 61. Rb6+ Kh5 62. Ne6 Rc2+ 63. Ke3 Kh4 64. Nd4 Rc5 65. Rxh6+ Kg3 66. Rh5 Re5+ 67. Kd3 Kf4 68. Rh6 Re3+ 69. Kd2 Re5 70. Rf6 Kg3 71. Nxf5+ Kxf3 72. Ne3+ Kg3 73. Rh6 Ra5 74. Kd3 Ra3+ 75. Ke4 Ra4+ 76. Ke5 Ra3 77. Nf5+ Kg2 78. Rh5 Rxh3 79. Rxg5+ Kf3 80. Rg8 Kf2 81. Ke4 Ra3 82. Nd4 Ra7 83. Rf8+ Kg3 84. Rf3+ Kg2 85. Rb3 Re7+ 86. Kf4 Rf7+ 87. Nf5 Rf8 88. Rb2+ Kh3 89. Rf2 Rg8 90. Rf3+ Kh2 91. Ke3 Rg4 92. Rf1 Kg2 93. Rf2+ Kh3 94. Rf3+ Kg2 95. Ke2 Ra4 96. Ne3+ Kh2 97. Nf1+ Kg2 98. Rg3+ Kh1 99. Ne3 Rf4 100. Ng4 Rf8 101. Ne5 Kh2 102. Rg5 Ra8 103. Nf3+ Kh3 104. Nd2 Ra2 105. Ke3 Kh4 106. Nf3+ Kh3 107. Ne5 Kh4 108. Rf5 Ra3+ 109. Nd3 Kg4 110. Rd5 Rb3 111. Ke4 Ra3 112. Nf2+ Kg3 113. Nd3 Ra4+ 114. Ke3 Kg4 115. Nf2+ Kg3 116. Ne4+ Kg4 117. Rg5+ Kh4 118. Rg8 Ra7 119. Nd6 Ra3+ 120. Kf4 Ra4+ 121. Ne4 Kh5 122. Re8 Kg6 123. Kg4 Rb4 124. Re6+ Kf7 125. Re5 Rb1 126. Ng5+ Kf8 127. Kf5 Rb6 128. Nh3 Kf7 129. Nf4 Rf6+ 130. Kg5 Ra6 131. Nd5 1/2-1/2

[Event "Sitges Sunway 7th"]
[Site "Sitges"]
[Date "2020.12.16"]
[Round "4"]
[White "Degardin, Sylvain"]
[Black "Garcia Ramos, Daniel"]
[Result "0-1"]
[WhiteElo "2227"]
[BlackElo "2380"]
[PlyCount "64"]
[EventDate "2020.12.13"]
[EventType "swiss"]
[EventRounds "10"]
[EventCountry "ESP"]
[SourceTitle "CBM 199 Extra"]
[Source "ChessBase"]
[SourceDate "2021.01.31"]
[SourceVersion "1"]
[SourceVersionDate "2021.01.31"]
[SourceQuality "1"]

1. e4 e5 2. Nf3 Nc6 3. Bb5 a6 4. Ba4 d6 5. c3 Bd7 6. d4 g6 7. 0-0 Bg7 8. Bg5 f6 9. Be3 Nh6 10. h3 Nf7 11. dxe5 dxe5 12. Bc5 f5 13. exf5 gxf5 14. Re1 Qf6 15. c4 b6 16. Ba3 0-0-0 17. Nc3 e4 18. Nd5 Qh6 19. Nh2 Nfe5 20. Ne7+ Kb7 21. Qd5 Be6 22. Bxc6+ Kb8 23. Ng4 Nxg4 24. Nxf5 Qf4 25. hxg4 Bxd5 26. Bxd5 Rxd5 27. cxd5 Be5 28. Ne3 h5 29. gxh5 Rxh5 30. Kf1 Bd4 31. Rad1 Bxe3 32. Rxe3 Rh1+ 0-1

[Event "Sitges Sunway 7th"]
[Site "Sitges"]
[Date "2020.12.14"]
[Round "2"]
[White "Degardin, Sylvain"]
[Black "Vasquez Schroder, Rodrigo Rafael"]
[Result "0-1"]
[WhiteElo "2227"]
[BlackElo "2459"]
[PlyCount "100"]
[EventDate "2020.12.13"]
[EventType "swiss"]
[EventRounds "10"]
[EventCountry "ESP"]
[SourceTitle "CBM 199 Extra"]
[Source "ChessBase"]
[SourceDate "2021.01.31"]
[SourceVersion "1"]
[SourceVersionDate "2021.01.31"]
[SourceQuality "1"]

1. e4 e5 2. Nf3 Nc6 3. Bb5 a6 4. Ba4 Nf6 5. 0-0 Be7 6. d3 d6 7. c3 0-0 8. Re1 b5 9. Bc2 Bb7 10. Nbd2 Re8 11. d4 Bf8 12. a3 Nb8 13. b4 Nbd7 14. d5 c6 15. c4 Nb6 16. Qe2 h6 17. Bb2 Nxc4 18. Nxc4 bxc4 19. dxc6 Bxc6 20. Qxc4 Qb6 21. h3 Rec8 22. Qa2 Bd5 23. Bb3 Rc2 24. Re3 Bxb3 25. Qxb3 Rac8 26. Rf1 Qc6 27. Rfe1 Qc4 28. Qxc4 R8xc4 29. Ba1 Be7 30. Kf1 Ra2 31. Rc3 Rxe4 32. Rc7 Rxe1+ 33. Nxe1 Nd5 34. Rc8+ Kh7 35. Nc2 Nf4 36. Ke1 Bg5 37. Kd2 Nxg2+ 38. Kd1 f6 39. Rc6 d5 40. Rxa6 d4 41. Rd6 Ne1 42. Kxe1 Rxc2 43. Bxd4 exd4 44. Rxd4 Ra2 45. Kd1 Rxf2 46. b5 Rb2 47. a4 f5 48. Rd5 f4 49. a5 f3 50. Rf5 f2 0-1